000 00324 a2200109 4500
001 ART_3631
005 20260410161716.0
008 260409a
245 1 0 _aDespués de la Edad de Oro
100 1 _aEsping-Andersen, Gosta
773 0 _tDesarrollo económico
_g- Vol. 36, Nº 142 (jul./sep. 1996)
_wREV1174
999 _c16567
_d16567